000 00501nmm a2200157Ia 4500
008 251105s9999||||xx |||||||||||||||||und||
020 _a9788431537241
041 _aspa
100 _aHagen, Anne-Katrin
245 0 _aLas ayudas del jinete. Cómo guiar el caballo correctamente
264 _a[Madrid, España] :
_bDe Vecchi,
_c[Fecha de publicación no identificada]
300 _a0 páginas
650 _aTravel & Sports
856 _uhttps://public.digitaliapublishing.com/a/121401
942 _cCF
999 _c81460
_d81460